Normal view
MARC view
- Faisal Mubarak Shabbir
Entry Personal Name
001 - CONTROL NUMBER
- control field: 48112
003 - CONTROL NUMBER IDENTIFIER
- control field: NUST
005 - DATE AND TIME OF LATEST TRANSACTION
- control field: 20210314133958.0
008 - FIXED-LENGTH DATA ELEMENTS
- fixed length control field: 210314|| aca||aabn | a|a d
040 ## - CATALOGING SOURCE
- Original cataloging agency: NUST
- Transcribing agency: NUST
100 ## - HEADING--PERSONAL NAME
- Personal name: Faisal Mubarak Shabbir
670 ## - SOURCE DATA FOUND
- Source citation: Work cat.: (NUST): Atif Afridi 48111, Materials Required in Structures for Protection Against Nuclear Radiation
